000 00786nam a22002057a 4500
005 20250825165050.0
008 250825b |||||||| |||| 00| 0 eng d
037 _cTB
040 _aCRL
_cCRL
041 _2Hindi
_aHindi
084 _aV2:51.M57 152P8
100 _aकर्मेन्दु , शिशिर
_9818790
245 _a1857 की राजक्रांति
_b: विचार और विश्लेषण
260 _aभारत, दिल्ली
_bअनामिका पब्लिशर्स
_c2008
300 _a220पृ0
365 _b300
_cINR
650 _2विश्व-इतिहास
942 _2CC
_cTB
_hV2:51.M57 152P8
_n0
999 _c1434864
_d1434864